Patrick Cingolani, Arlette Farge, Jean-François Lae, Franck Magloire, Sans visages, L’impossible regard sur le pauvre, Paris, Bayard, 2004 (notice n° 1640066)
[ vue normale ]
| 000 -LEADER | |
|---|---|
| fixed length control field | 01106cam a2200157 4500500 |
| 005 - DATE AND TIME OF LATEST TRANSACTION | |
| control field | 20260201075448.0 |
| 041 ## - LANGUAGE CODE | |
| Language code of text/sound track or separate title | fre |
| 042 ## - AUTHENTICATION CODE | |
| Authentication code | dc |
| 100 10 - MAIN ENTRY--PERSONAL NAME | |
| Personal name | Lantz, Pierre |
| Relator term | author |
| 245 00 - TITLE STATEMENT | |
| Title | Patrick Cingolani, Arlette Farge, Jean-François Lae, Franck Magloire, Sans visages, L’impossible regard sur le pauvre, Paris, Bayard, 2004 |
| 260 ## - PUBLICATION, DISTRIBUTION, ETC. | |
| Date of publication, distribution, etc. | 2003.<br/> |
| 500 ## - GENERAL NOTE | |
| General note | 99 |
| 520 ## - SUMMARY, ETC. | |
| Summary, etc. | Study of an educational institution taking action in order to give psychological assistance to students after the suicide of a classmate revealed how the image of a victim was propagated, transforming a personal tragedy into a collective drama following an epidemic model. The officials of this institution, despite their divergent points of view and the fact that some supported this model unreservedly and others called it into question, acted together to reproduce this epidemic schema of psychic trauma. |
| 786 0# - DATA SOURCE ENTRY | |
| Note | L'Homme & la Société | 150-151 | 4 | 2003-11-01 | p. 253e-263e | 0018-4306 |
| 856 41 - ELECTRONIC LOCATION AND ACCESS | |
| Uniform Resource Identifier | <a href="https://shs.cairn.info/revue-l-homme-et-la-societe-2003-4-page-253e?lang=fr&redirect-ssocas=7080">https://shs.cairn.info/revue-l-homme-et-la-societe-2003-4-page-253e?lang=fr&redirect-ssocas=7080</a> |
Pas d'exemplaire disponible.




Réseaux sociaux